000
00289nam a22001217a 4500
008
160523b xxu||||| |||| 00| 0 eng d
020
_a
9780781753708
020
_a
0781753708
041
_a
eng
080
_a
618.2
245
_a
Focus on nursing pharmacogy:
_c
Amy M. Karch;
942
_2
udc
_c
BK
999
_c
2373
_d
2373